When execution isn't enough : decoding inspirational leadership /

Bibliographic Details
Main Author: Feser, Claudio, (Author)
Other Authors: Kets de Vries, Manfred, (writer of foreword.)
Format: eBook
Language:English
Published: Hoboken, New Jersey : Wiley, 2016.
Subjects:
Online Access:Click to View
LEADER 01786nam a2200433 i 4500
001 EBC4653428
003 MiAaPQ
005 20200520144314.0
006 m o d |
007 cr cnu||||||||
008 160907t20162016nju o 001 0 eng d
020 |z 9781119302650 
020 |a 9781119302711  |q (electronic bk.) 
020 |a 9781119302667  |q (electronic bk.) 
035 |a (MiAaPQ)EBC4653428 
035 |a (Au-PeEL)EBL4653428 
035 |a (CaPaEBR)ebr11250969 
035 |a (CaONFJC)MIL950687 
035 |a (OCoLC)957699839 
040 |a MiAaPQ  |b eng  |e rda  |e pn  |c MiAaPQ  |d MiAaPQ 
050 4 |a HD57.7  |b .F474 2016 
082 0 |a 658.4092  |2 23 
100 1 |a Feser, Claudio,  |e author. 
245 1 0 |a When execution isn't enough :  |b decoding inspirational leadership /  |c Claudio Feser ; foreword by Manfred Kets de Vries. 
264 1 |a Hoboken, New Jersey :  |b Wiley,  |c 2016. 
264 4 |c 2016 
300 |a 1 online resource (199 pages) 
336 |a text  |2 rdacontent 
337 |a computer  |2 rdamedia 
338 |a online resource  |2 rdacarrier 
500 |a Includes index. 
588 |a Description based on online resource; title from PDF title page (ebrary, viewed September 3, 2016). 
590 |a Electronic reproduction. Ann Arbor, MI : ProQuest, 2016. Available via World Wide Web. Access may be limited to ProQuest affiliated libraries. 
650 0 |a Leadership. 
655 4 |a Electronic books. 
700 1 |a Kets de Vries, Manfred,  |e writer of foreword. 
776 0 8 |i Print version:  |a Feser, Claudio.  |t When execution isn't enough : decoding inspirational leadership.  |d Hoboken, New Jersey : Wiley, c2016   |h xv, 178 pages   |z 9781119302650 
797 2 |a ProQuest (Firm) 
856 4 0 |u https://ebookcentral.proquest.com/lib/matrademy/detail.action?docID=4653428  |z Click to View